| Поле | Название | Значение |
| |
Тип записи |
c |
| |
Библиографический уровень |
m |
| 001 |
Контрольный номер |
RU/УОНБ/EK_N/698425372 |
| 005 |
Дата корректировки |
20240130235126.2 |
| 013 |
Номер (ISMN) |
__ |
| d |
Цена |
108 р. |
| 100 |
Данные общей обработки |
__ |
| a |
Данные общей обработки |
20220217d2007 u y0rusy0189||||ca |
| 101 |
Язык документа |
0_ |
| a |
Язык текста |
rus |
| a |
Язык текста |
fre |
| f |
Язык титульного листа |
rus |
| 102 |
Страна публикации |
__ |
| a |
Страна публикации |
RU |
| 105 |
Кодированные данные (монография) |
__ |
| a |
Кодированные данные (монография) |
y###||||000|y |
| 125 |
Кодированные данные звукозаписи и нотных изданий |
__ |
| a |
Форма изложения нотного текста |
с| |
| 128 |
Кодированные данные (звукозаписи-физические характеристики) |
__ |
| a |
Кодированные данные: Музыкальная форма и тональность или лад |
zz |
| c |
Инструменты или голоса, рекомендуемые для солистов (устаревшее) |
ka|| |
| c |
Инструменты или голоса, рекомендуемые для солистов (устаревшее) |
tt|| |
| c |
Инструменты или голоса, рекомендуемые для солистов (устаревшее) |
bb|| |
| c |
Инструменты или голоса, рекомендуемые для солистов (устаревшее) |
vu|| |
| 200 |
Заглавие и сведения об ответственности |
1_ |
| a |
Заглавие |
№ 12 |
| b |
Общее обозначение материала |
Ноты |
| e |
Сведения, относящиеся к заглавию |
произведения для фп., балалайки, трубы, голоса |
| 210 |
Выходные данные |
1_ |
| d |
Дата издания |
2007 |
| 215 |
Физическое описание |
__ |
| a |
Объем |
64 с., 1 парт. (2 с.) |
| 327 |
Примечание о содержании |
11 |
| a |
Примечание о содержании |
Содерж. : Произведения для фортепиано : Мендельсон Ф. Скерцо из муз. к пьесе У. Шекспира "Сон в летнюю ночь" ; Дебюсси К. Прелюдия № 1. - Произведения для балалайки и фортепиано : Гейст К. Сельская фантазия. - Произведения для голоса и фортепиано : Равель М. Две эпиграммы Клемана Маро : Об Анне, бросившей в меня снегом ; Об Анне, играющей на клавесине. - Французская народная песня ; Итальянская народная песня. - Хорошо улечься в зной : из цикла "Мадагаскарские песни" ; Три песни Дон Кихота : Романтическая песня ; Эпическая песня ; Застольная песня / сл. П. Морана. - Произведения для трубы и фортепиано : Гейст К. Канцонетта. |
| 461 |
Уровень набора |
_0 |
| 1 |
|
001RU/УОНБ/EK_N/697912203 |
| 1 |
|
200 |
| a |
|
Нотный альбом |
| b |
|
Ноты |
| v |
|
№ 12 |
| 1 |
|
210 |
| a |
|
М. |
| c |
|
Научтехлитиздат |
| d |
|
2007 - |
| 464 |
Аналитический уровень |
_0 |
| 1 |
|
2001 |
| a |
|
Скерцо |
| e |
|
из муз. к пьесе У. Шекспира "Сон в летнюю ночь" |
| e |
|
для фп. |
| 1 |
|
700 1 |
| a |
|
Мендельсон |
| b |
|
Ф. |
| 1 |
|
50010 |
| a |
|
Сон в летнюю ночь |
| 464 |
Аналитический уровень |
_0 |
| 1 |
|
2001 |
| a |
|
Сельская фантазия |
| e |
|
на марийские темы |
| e |
|
для балалайки и фп. |
| 1 |
|
700 1 |
| a |
|
Гейст |
| b |
|
К. |
| 464 |
Аналитический уровень |
_0 |
| 1 |
|
2001 |
| a |
|
Об Анне, бросившей в меня снегом |
| e |
|
Бросила в шутку в меня снегом Анна... |
| e |
|
для голоса и фп. |
| 1 |
|
700 1 |
| a |
|
Равель |
| b |
|
М. |
| 1 |
|
50010 |
| a |
|
Две эпиграммы Клемана Маро |
| 464 |
Аналитический уровень |
_0 |
| 1 |
|
2001 |
| a |
|
Французская народная песня |
| e |
|
Где нам, Жанетта, пасти овец?.. |
| e |
|
для голоса и фп. |
| 1 |
|
700 1 |
| a |
|
Равель |
| b |
|
М. |
| 464 |
Аналитический уровень |
_0 |
| 1 |
|
2001 |
| a |
|
Хорошо улечься в зной |
| e |
|
Хорошо улечься в зной... |
| e |
|
из цикла "Мадагаскарские песни" |
| e |
|
для голоса и фп. |
| 1 |
|
700 1 |
| a |
|
Равель |
| b |
|
М. |
| 1 |
|
50010 |
| a |
|
Мадагаскарские песни |
| 464 |
Аналитический уровень |
_0 |
| 1 |
|
2001 |
| a |
|
Канцонетта |
| e |
|
для трубы и фп. |
| 1 |
|
700 1 |
| a |
|
Гейст |
| b |
|
К. |
| 464 |
Аналитический уровень |
_0 |
| 1 |
|
2001 |
| a |
|
Прелюдия № 1 |
| e |
|
для фп. |
| 1 |
|
700 1 |
| a |
|
Дебюсси |
| b |
|
К. |
| 464 |
Аналитический уровень |
_0 |
| 1 |
|
2001 |
| a |
|
Итальянская народная песня |
| e |
|
В груди гранитной бьется... |
| e |
|
для голоса и фп. |
| 1 |
|
700 1 |
| a |
|
Равель |
| b |
|
М. |
| 464 |
Аналитический уровень |
_0 |
| 1 |
|
2001 |
| a |
|
Об Анне, играющей на клавесине |
| e |
|
Когда я вижу юную богиню... |
| e |
|
для голоса и фп. |
| 1 |
|
700 1 |
| a |
|
Равель |
| b |
|
М. |
| 1 |
|
50010 |
| a |
|
Две эпиграммы Клемана Маро |
| 464 |
Аналитический уровень |
_0 |
| 1 |
|
2001 |
| a |
|
Романтическая песня |
| e |
|
Когда от земной круговерти... |
| e |
|
для голоса и фп. |
| 1 |
|
700 1 |
| a |
|
Равель |
| b |
|
М. |
| 1 |
|
702 1 |
| a |
|
Моран |
| b |
|
П. |
| 4 |
|
520 |
| 1 |
|
50010 |
| a |
|
Три песни Дон Кихота |
| 464 |
Аналитический уровень |
_0 |
| 1 |
|
2001 |
| a |
|
Эпическая песня |
| e |
|
Святой Георгий, ты, кто посвятить велел мне жизнь... |
| e |
|
для голоса и фп. |
| 1 |
|
700 1 |
| a |
|
Равель |
| b |
|
М. |
| 1 |
|
702 1 |
| a |
|
Моран |
| b |
|
П. |
| 4 |
|
520 |
| 1 |
|
50010 |
| a |
|
Три песни Дон Кихота |
| 464 |
Аналитический уровень |
_0 |
| 1 |
|
2001 |
| a |
|
Застольная песня |
| e |
|
Тщетно ханжа в злых пересудах... |
| e |
|
для голоса и фп. |
| 1 |
|
700 1 |
| a |
|
Равель |
| b |
|
М. |
| 1 |
|
702 1 |
| a |
|
Моран |
| b |
|
П. |
| 4 |
|
520 |
| 1 |
|
50010 |
| a |
|
Три песни Дон Кихота |
| 512 |
Заглавие обложки |
1_ |
| a |
Заглавие обложки |
Нотный альбом |
| 606 |
Тематические рубрики |
0_ |
| a |
Основная рубрика |
Фортепианная музыка |
| x |
Основная подрубрика |
Произведения |
| 606 |
Тематические рубрики |
0_ |
| a |
Основная рубрика |
Балалайка |
| x |
Основная подрубрика |
Произведения |
| 606 |
Тематические рубрики |
0_ |
| a |
Основная рубрика |
Труба |
| x |
Основная подрубрика |
Произведения |
| 606 |
Тематические рубрики |
0_ |
| a |
Основная рубрика |
Вокальные произведения |
| 610 |
Ключевые слова |
0_ |
| a |
Ключевые слова |
произведения |
| 610 |
Ключевые слова |
0_ |
| a |
Ключевые слова |
фортепиано |
| 610 |
Ключевые слова |
0_ |
| a |
Ключевые слова |
балалайка |
| 610 |
Ключевые слова |
0_ |
| a |
Ключевые слова |
труба |
| 610 |
Ключевые слова |
0_ |
| a |
Ключевые слова |
вокальные произведения |
| 686 |
Индексы других классификаций |
__ |
| a |
Классификационный индекс |
85.9я43 |
| 2 |
Код системы |
ББК |
| 801 |
Источник записи |
_0 |
| a |
Страна |
RU |
| b |
Организация |
Ульяновская ОНБ |
| c |
Дата составления |
20220217 |
| g |
Правила каталогизации |
RCR |
| 801 |
Источник записи |
_1 |
| a |
Страна |
RU |
| b |
Организация |
Ульяновская ОНБ |
| c |
Дата составления |
20220217 |
| g |
Правила каталогизации |
RCR |
| 901 |
Тип документа |
__ |
| t |
Тип документа |
n |
| w |
Контрольный № источника |
RU/УОНБ/EK_N/697912203 |
| 909 |
Создатель записи |
__ |
| a |
Создатель записи |
Грязнова И. Е. |
| 938 |
Служебная информация |
__ |
| a |
Имя БД |
noti |
| b |
Имя библиотеки |
УОНБ |
| c |
Имя АИБС |
МАРК-SQL |
| d |
Номер DOC_ID в БД |
25468 |